Normal view MARC view
  • Samuel B. Griffith

Entry Personal Name

Number of records used in: 1

001 - CONTROL NUMBER

  • control field: 134062

003 - CONTROL NUMBER IDENTIFIER

  • control field: NUST

005 - DATE AND TIME OF LATEST TRANSACTION

  • control field: 20260413115819.0

008 - FIXED-LENGTH DATA ELEMENTS

  • fixed length control field: 260413|| aca||aabn | a|a d

040 ## - CATALOGING SOURCE

  • Original cataloging agency: NUST
  • Transcribing agency: NUST

100 ## - HEADING--PERSONAL NAME

  • Personal name: Samuel B. Griffith

670 ## - SOURCE DATA FOUND

  • Source citation: Work cat.: (NUST): Samuel B. Griffith., Mao Tse-Tung on Guerrilla Warfare /, 1992.
© 2023 Central Library, National University of Sciences and Technology. All Rights Reserved.